000 00719nam a2200241 i 4500
001 C2-0106523
003 PPAK
005 20180727102024.0
008 970617s1980 my |||| ||||| | may d
040 _aPPAK
_beng
_cPPAK
_erda
082 0 4 _a499.23
_223
090 0 0 _a499.23
_bASM
_dKK
100 0 _aAsmah Haji Omar,
_eauthor
245 1 0 _aPersepsi dan kenyataan seperti yang tergambar dalam dialek Kedah
264 1 _a[Kuala Lumpur] :
_b[Dewan Bahasa dan Pustaka] ,
_c[1980]
300 _a24 pages ;
_c22 cm
336 _2rdacontent
_atext
337 _2rdamedia
_aunmediated
338 _2rdacarrier
_avolume
500 _aDipetik dari Dewan Bahasa, Disember 1980
650 1 0 _aMalay Language
942 _ddc
_cB
999 _c26104
_d26104